000
00311nam a2200133Ia 4500
008
231129s1965||||xx |||||||||||||| ||spa||
040
_b
spa
082
_a
Co863 E18o
100
_a
Echeverri Abad Luis Guillermo
245
0
_a
Obra completa 1944-1963
260
_c
1965
264
_a
Bedout
942
_2
ddc
_c
BKS
999
_c
21969
_d
21969